1089 1539 1878 1238 1292 1808 1236 1803 1642 1192 1262 1950 1653 1561 1947 1754 1351 1908 1793 1441 1699 1271 1637 1152 1251 1926 1567 1431 1588 1020 1133 1570 1066 1713 1624 1945 1402 1258 1289 1318 1755 1054 1117 1541 1478 1239 1335 1095 1287 1260 1963 1234 1421 1405 1903 1251 1967 1979 1792 1790 1080 1881 1838 1817 1786 1036 1283 1114 1764 1414 1242 1323 1972 1292 1821 1032 1110 1317 1891 1073 1212 1424 1381 1199 1057 1811 1279 1507 1435 1014 1881 1157 1962 1940 1610 1528 1123 1317 1490 BCNSPRNW ULIB Ver.6.0+V

เปลี่ยนเป็นภาษาไทย

Change to English
 แสดงรายละเอียดบรรณานุกรม
  กลับหน้าหลัก

Brief Record : Get Marc (ISO 2709) : E-mail record : QR code < ปิดหน้าต่าง
LEADER : 00000nam 2200000uu 4500
001    13399109119
003     ULIB
008    110322s2552||||th 000 0 tha d
020    9789744141101
041 0  tha^heng
050  4 BF697.5.S44^bว366ด 2552
100 0  วอล์กเกอร์, แคลร์
245 10 ดาวเด่น คุณเป็นได้ ! =^bBe the life & soul of the party /^cClare Walker ; ผู้แปล, จิตรลดา สิงห์คำ
246 31 Be the life & soul of the party
250    พิมพ์ครั้งที่ 1
260    กรุงเทพฯ :^bดีไลท์พับลิชชิ่ง,^c2552
300    151 หน้า ;^c21 ซม.
650  7 การจูงใจ(จิตวิทยา)
650  7 มนุษยสัมพันธ์
650  7 จิตวิทยาประยุกต์
700    จิตรลดา สิงห์คำ,^eผู้แปล
700 1  Walker, Clare.^tBe the life & soul of the party
945    ^p140^l0^i029916
945    ^p140^l0^i029915
995    ทศพร
999 ^a ใช้งานได้ทุกระบบ
รายการนี้ยังไม่มีแท็ก
คุณยังไม่ได้ล็อกอิน คุณสามารถมีกิจกรรมร่วมกับเว็บไซต์ได้ แต่ต้องล็อกอินก่อน ::
  ล็อกอิน

รายการสื่อสารสนเทศ

ลำดับที่ ประเภท เลขเรียก/บาร์โค้ด สถานที่ สถานะ
- ไม่พบข้อมูล -

รายการใกล้เคียง
    ผู้แต่ง [วอล์กเกอร์, แคลร์]

    หัวเรื่อง [การจูงใจ(จิตวิทยา)]
    หัวเรื่อง [มนุษยสัมพันธ์]
    หัวเรื่อง [จิตวิทยาประยุกต์]

BibComment


ยังไม่เคยถูกคอมเมนท์

คอมเมนท์ทรัพยากรรายการนี้
  คอมเมนท์: ดาวเด่น คุณเป็นได..


 Copyright 2026. Bcnsprnw @Library